000 00357nam a2200121Ia 4500
008 220217s9999||||xx |||||||||||||| ||und||
082 _a005.1 GAN
100 _aGand wolf,pree
_93052
245 0 _aDesign petterns for object oriented software development
260 _aPeaarson education asia
_bDelhi
_c2000
300 _b360
650 _aSOFTWARE DESIGN
999 _c170755
_d170755